000 00279nam a2200121Ia 4500
008 220216s9999 xx 000 0 und d
100 _aThomas V
245 0 _aRubber marathinu karuthekan
260 _bKarshakasree
_c2008
300 _a47
700 _aRemadevi K P
942 _cJS
999 _c67809
_d67809